| 000 | 00974nam a22001817a 4500 | ||
|---|---|---|---|
| 999 |
_c14877 _d14877 |
||
| 003 | OSt | ||
| 082 | _2631.587 ARD/AS | ||
| 088 | _aT 399 | ||
| 100 |
_aARDRA WILSON _93730 |
||
| 245 | _aAssessment of the impact of sand mining on the morphology of the severely affected reach of Bharathapuzha river between Pattambi and Kuttippuram using remote sensing and GIS | ||
| 260 |
_aTavanur 2017 _bDEPARTMENT OF IRRIGATION AND DRAINAGE ENGINEERING |
||
| 300 | _a123 | ||
| 500 | _aAssessment of the impact of sand mining on the morphology of the severely affected reach of Bharathapuzha river between Pattambi and Kuttippuram using remote sensing and GIS | ||
| 520 | _aAssessment of the impact of sand mining on the morphology of the severely affected reach of Bharathapuzha river between Pattambi and Kuttippuram using remote sensing and GIS | ||
| 700 |
_aEr. Vishnu B (Guide) _93355 |
||
| 856 | _uhttps://drive.google.com/open?id=1UN_-kygDlgmL-xic87s6Lj4SvWvl8CU- | ||
| 942 | _cTH | ||